00466 a2200169 4500001000700000020001500007020001800022041000800040082000800048100002200056250001000078300001200088856002400100040002500124245010600149260004100255111462 a0803726503 a9780099408659 aeng a346 aCastle, Caroline. a. ed. a[40] p. u00001d/00001dca.jpg aBR-BrIDEAcBR-BrIDEA10aFor every childbthe UN Convention on the Rights of the Child in words and picturesc Caroline Castle a[S.l.]bPhyllis Fogelman Booksc2001